Espèces végétales du genre Allium - Statistiques

Statistiques générales
  • Ce quiz a été pris 3 fois
  • Le résultat moyen est 6 sur 1089
Statistiques - réponses
Espèce Nom commun Découvreur·euse % Correct
Allium {praecox} Oignon précoce Brandegee
100%
Allium {textile} Oignon textile/des prairies A.Nelson / J.F.Macbr.
100%
Allium {moly} Ail doré/d’Espagne Linné
50%
Allium {nevii} Oignon Nevius / ail de Nevius S.Watson
50%
Allium {nigrum} Ail noir/à larges feuilles / poireau à larges feuilles Linné
50%
Allium {obliquum} Ail oblique/vrillé Linné
50%
Allium {parishii} Oignon de Parish S.Watson
50%
Allium {polyanthum} Ail à nombreuses fleurs / baragane / pouragane / poireau des vignes/sauvage Schult. / Schult.f.
50%
Allium {roseum} Ail rose Linné
50%
Allium {triquetrum} Ail à trois angles/triquètre Linné
50%
Allium {aaseae} Oignon du sud de l'Idaho/d'Aase Ownbey
0%
Allium {abanticum} Oignon d’Abrams Brullo / Salmeri
0%
Allium {abbasii} R.M.Fritsch
0%
Allium {abramsii} (Ownbey / Aase / Traub) / McNeal
0%
Allium {acidoides} Stearn
0%
Allium {aciphyllum} J.M.Xu
0%
Allium {acrotepalum} Miau / Xiao / L.Pan
0%
Allium {acuminatum} Oignon conique/de Hooker Hook.
0%
Allium {acutiflorum} Loisel.
0%
Allium {adenanthum} Brullo / Salmeri
0%
Allium {adiyamanense} Yıld. / Kılıç
0%
Allium {aegilicum} Tzanoud.
0%
Allium {aeginiense} Brullo / Giusso / Terrasi
0%
Allium {aetnense} Brullo / Pavone / Salmeri
0%
Allium {affine} Ledeb.
0%
Allium {afghanicum} Wendelbo
0%
Allium {aflatunense} B.Fedtsch.
0%
Allium {agarmyschicum} N.Friesen / Seregin
0%
Allium {agrigentinum} Brullo / Pavone
0%
Allium {ahmet-tirasii} Yıldırım
0%
Allium {akaka} S.G.Gmel. / Schult. / Schult.f.
0%
Allium {akirense} N.Friesen / Fragman
0%
Allium {aksekiense} Özhatay / Koyuncu / E.Kaya
0%
Allium {aktauense} F.O.Khass. / Esankulov
0%
Allium {alabasicum} Y.Z.Zhao
0%
Allium {aladaghense} Memariani / Joharchi
0%
Allium {alaicum} Vved.
0%
Allium {alamutense} Razyfard / Zarre / R.M.Fritsch
0%
Allium {alaschanicum} Y.Z.Zhao
0%
Allium {albanicum} Brullo / C.Brullo / Cambria / Giusso / Salmeri
0%
Allium {albiflorum} Omelczuk
0%
Allium {albotunicatum} O.Schwarz
0%
Allium {albovianum} Vved.
0%
Allium {alekii} R.M.Fritsch / M.V.Agab.
0%
Allium {alexandrae} Vved.
0%
Allium {alexeianum} Regel
0%
Allium {alibile} A.Rich.
0%
Allium {alpinarii} Özhatay / Kollmann
0%
Allium {altaicum} Pall.
0%
Allium {altissimum} Regel
0%
Allium {altoatlanticum} Seregin
0%
Allium {altyncolicum} N.Friesen
0%
Allium {amethystinum} Tausch
0%
Allium {ampeloprasum} Poireau perpétuel / ail éléphant/d’Orient Linné
0%
Allium {amphibolum} Ledeb.
0%
Allium {amplectens} Torr.
0%
Allium {anacoleum} Hand.-Mazz.
0%
Allium {anatolicum} Özhatay / B.Mathew
0%
Allium {anceps} Kellogg
0%
Allium {angulosum} Linné
0%
Allium {anisopodium} Ledeb.
0%
Allium {anisotepalum} Vved.
0%
Allium {ankarense} Yıld.
0%
Allium {antalyense} Eren / Çinbilgel / Parolly
0%
Allium {antiatlanticum} Emb. / Maire
0%
Allium {anzalonei} Brullo / Pavone / Salmeri
0%
Allium {apergii} Trigas / Iatroú / Tzanoud.
0%
Allium {apolloniense} Biel / Kit / Tan / Tzanoud.
0%
Allium {apulum} Brullo / Guglielmo / Pavone / Salmeri
0%
Allium {arampatzisii} Ioannidis / Tzanoud.
0%
Allium {archeotrichon} Brullo / Pavone / Salmeri
0%
Allium {arkitense} R.M.Fritsch
0%
Allium {arlgirdense} Blakelock
0%
Allium {armenum} Boiss. / Kotschy
0%
Allium {armerioides} Boiss.
0%
Allium {aroides} Popov / Vved.
0%
Allium {arsuzense} Eker / Koyuncu
0%
Allium {artemisietorum} Eig / Feinbrun
0%
Allium {asarense} R.M.Fritsch / Matin
0%
Allium {ascalonicum} Échalote Linné
0%
Allium {aschersonianum} Barbey
0%
Allium {asclepiadeum} Bornm.
0%
Allium {asirense} B.Mathew
0%
Allium {asperiflorum} Miscz. / Grossh.
0%
Allium {assadii} Seisums
0%
Allium {atropurpureum} Waldst. / Kit.
0%
Allium {atrorubens} Dark red onion S.Watson
0%
Allium {atrosanguineum} Schrenk
0%
Allium {atroviolaceum} Boiss.
0%
Allium {aucheri} Boiss.
0%
Allium {auriculatum} Oignon de Kunth Kunth
0%
Allium {austrodanubiense} N.Friesen / Seregin
0%
Allium {austroiranicum} R.M.Fritsch
0%
Allium {austrokyushuense} M.Hotta
0%
Allium {austrosibiricum} N.Friesen
0%
Allium {autumnale} P.H.Davis
0%
Allium {autumniflorum} F.O.Khass. / Akhani
0%
Allium {aybukeae} H.Duman / Eksi
0%
Allium {ayhan-toprakii} Yıldırım
0%
Allium {azaurenum} Gomb.
0%
Allium {aznavense} R.M.Fritsch
0%
Allium {azutavicum} Kotukhov
0%
Allium {backhousianum} Regel
0%
Allium {baekdusanense} Y.N.Lee
0%
Allium {baeticum} Boiss.
0%
Allium {bajtulinii} Bajtenov / I.I.Kamenetskaya
0%
Allium {bakhtiaricum} Regel
0%
Allium {balansae} Boiss.
0%
Allium {balcanicum} Brullo / Pavone / Salmeri
0%
Allium {balkhanicum} (R.M.Fritsch / F.O.Khass.) / R.M.Fritsch
0%
Allium {baluchistanicum} Wendelbo
0%
Allium {barsczewskii} Lipsky
0%
Allium {barthianum} Asch. / Schweinf.
0%
Allium {basalticum} Fragman / R.M.Fritsch
0%
Allium {bassitense} J.Thiébaut
0%
Allium {baytopiorum} Kollmann / Özhatay
0%
Allium {beesianum} W.W.Sm.
0%
Allium {bekeczalicum} Lazkov
0%
Allium {bellulum} Prokh.
0%
Allium {beypazariense} Koçyiğit / Özhatay / E.Kaya
0%
Allium {bidentatum} Fisch. / Prokh. / Ikonn.-Gal.
0%
Allium {bigelovii} S.Watson
0%
Allium {bilgeae} Yıld.
0%
Allium {bilgilii} H.Duman / Eksi
0%
Allium {bingoelense} Yıld. / Kılıç
0%
Allium {birkinshawii} Mouterde
0%
Allium {bisceptrum} S.Watson
0%
Allium {bisotunense} R.M.Fritsch
0%
Allium {blandum} Wall.
0%
Allium {blomfieldianum} Asch. / Schweinf.
0%
Allium {boissieri} Regel
0%
Allium {bolanderi} S.Watson
0%
Allium {bornmuelleri} Hayek
0%
Allium {borszczowii} Regel
0%
Allium {botschantzevii} Kamelin
0%
Allium {bourgeaui} Rech.f.
0%
Allium {brachyodon} Boiss.
0%
Allium {brachyscapum} Vved.
0%
Allium {brachyspathum} Brullo / Pavone / Salmeri
0%
Allium {bracteolatum} Wendelbo
0%
Allium {brandegeei} S.Watson
0%
Allium {brevicaule} Boiss. / Balansa
0%
Allium {brevidens} Vved.
0%
Allium {brevidentatum} F.Z.Li
0%
Allium {brevidentiforme} Vved.
0%
Allium {brevipes} Ledeb.
0%
Allium {breviscapum} Stapf
0%
Allium {brevistylum} S.Watson
0%
Allium {brulloi} Salmeri
0%
Allium {brussalisii} Tzanoud. / Kypr.
0%
Allium {bucharicum} Regel
0%
Allium {bungei} Boiss.
0%
Allium {burdickii} (Hanes) / A.G.Jones
0%
Allium {burjaticum} N.Friesen
0%
Allium {burlewii} Davidson
0%
Allium {caeruleum} Pall.
0%
Allium {caesioides} Wendelbo
0%
Allium {caesium} Schrenk
0%
Allium {caespitosum} Siev. / Bong. / C.A. / Mey.
0%
Allium {calabrum} (N.Terracc.) / Brullo / Pavone / Salmeri
0%
Allium {calamarophilon} Phitos / Tzanoud.
0%
Allium {callidyction} C.A.Mey. / Kunth
0%
Allium {callimischon} Link
0%
Allium {calocephalum} Wendelbo
0%
Allium {calyptratum} Boiss.
0%
Allium {campanulatum} S.Watson
0%
Allium {canadense} Oignon du Canda/sauvage / ail canadien/des prés Linné
0%
Allium {canariense} (Regel) / N.Friesen / P.Schönfelder
0%
Allium {candargyi} Karavok. / Tzanoud.
0%
Allium {candolleanum} Albov
0%
Allium {capitellatum} Boiss.
0%
Allium {cappadocicum} Boiss. / Balansa
0%
Allium {caput-medusae} Airy / Shaw
0%
Allium {cardiostemon} Fisch. / C.A.Mey.
0%
Allium {carinatum} Ail caréné Linné
0%
Allium {carium} Brullo / Salmeri
0%
Allium {carmeli} Boiss.
0%
Allium {caroli-henrici} Wendelbo
0%
Allium {carolinianum} Redouté
0%
Allium {caspium} (Pall.) / M.Bieb.
0%
Allium {cassium} Boiss.
0%
Allium {castellanense} (Garbari / Miceli / Raimondo) / Brullo / Guglielmo
0%
Allium {cathodicarpum} Wendelbo
0%
Allium {cepa} Oignon Linné
0%
Allium {cephalonicum} Brullo / Pavone / Salmeri
0%
Allium {cernuum} Ail penché Roth
0%
Allium {chalcophengos} Airy / Shaw
0%
Allium {chalkii} Tzanoud. / Kollmann
0%
Allium {chamaemoly} Ail petit Moly / Petit ail doré Linné
0%
Allium {chamaespathum} Boiss.
0%
Allium {chamarense} M.M.Ivanova
0%
Allium {changduense} J.M.Xu
0%
Allium {chienchuanense} J.M.Xu
0%
Allium {chinense} Rakkyo / Oignon de Chine G.Don
0%
Allium {chitralicum} F.T.Wang / Tang
0%
Allium {chiwui} F.T.Wang / Tang
0%
Allium {chloranthum} Boiss.
0%
Allium {chloroneurum} Boiss.
0%
Allium {chlorotepalum} R.M.Fritsch / M.Jaeger
0%
Allium {chodsha-bakirganicum} Gaffarov / Turak.
0%
Allium {choriotepalum} Wendelbo
0%
Allium {chorkessaricum} F.O.Khass. / Tojibaev
0%
Allium {chrysantherum} Boiss. / Reut.
0%
Allium {chrysanthum} Regel
0%
Allium {chrysocephalum} Regel
0%
Allium {chychkanense} R.M.Fritsch
0%
Allium {circassicum} Kolak.
0%
Allium {circinnatum} Sieber
0%
Allium {circumflexum} Wendelbo
0%
Allium {cirrhosum} Vand.
0%
Allium {cisferganense} R.M.Fritsch
0%
Allium {cithaeronis} Bogdanovic / C.Brullo / Brullo / Giusso / Musarella
0%
Allium {clathratum} Ledeb.
0%
Allium {clausum} Vved.
0%
Allium {clivorum} R.M.Fritsch
0%
Allium {colchicifolium} Boiss.
0%
Allium {columbianum} (Ownbey / Mingrone) / P.M.Peterson / Annable / Rieseberg
0%
Allium {commutatum} Ail des îles Guss.
0%
Allium {compactatum} Brullo / Salmeri
0%
Allium {condensatum} Turcz.
0%
Allium {confragosum} Vved.
0%
Allium {consanguineum} Kunth
0%
Allium {constrictum} (Ownbey / Mingrone) / P.M.Peterson / Annable / Rieseberg
0%
Allium {convallarioides} Grossh.
0%
Allium {corsicum} Ail de Corse Jauzein / J.-M.Tison / Deschâtres / H.Couderc
0%
Allium {coryi} M.E.Jones
0%
Allium {costatovaginatum} Kamelin / Levichev
0%
Allium {crameri} Asch. / Boiss.
0%
Allium {cratericola} Eastw.
0%
Allium {cremnophilum} Brullo / Pavone / Salmeri
0%
Allium {crenulatum} Ail crénelé Wiegand
0%
Allium {cretaceum} N.Friesen / Seregin
0%
Allium {crispum} Greene
0%
Allium {cristophii} Ail à boule étoilée / Étoile de Perse Trautv.
0%
Allium {croaticum} Bogdanovic / Brullo / Mitic / Salmeri
0%
Allium {crystallinum} Vved.
0%
Allium {cucullatum} Wendelbo
0%
Allium {cupani} Raf.
0%
Allium {cupuliferum} Regel
0%
Allium {curtum} Boiss. / Gaill.
0%
Allium {cuthbertii} Ail strié / Oignon de Cuthbert Small
0%
Allium {cyaneum} Regel
0%
Allium {cyathophorum} Bureau / Franch.
0%
Allium {cylleneum} Brullo / Pavone / Salmeri
0%
Allium {cyprium} Brullo / Pavone / Salmeri
0%
Allium {cyrilli} Ten.
0%
Allium {czelghauricum} Bordz.
0%
Allium {czemalense} (N.Friesen) / N.Friesen
0%
Allium {daghestanicum} Grossh.
0%
Allium {damascenum} Feinbrun
0%
Allium {daninianum} Brullo / Pavone / Salmeri
0%
Allium {darwasicum} Regel
0%
Allium {dasyphyllum} Vved.
0%
Allium {decaisnei} C.Presl
0%
Allium {deciduum} Özhatay / Kollmann
0%
Allium {decipiens} Fisch. / Schult. / Schult.f.
0%
Allium {decoratum} Turginov / Tojibaev
0%
Allium {decumbens} Balos / Sonay
0%
Allium {delicatulum} Siev. / Schult. / Schult.f.
0%
Allium {deneliae} Balos
0%
Allium {dentigerum} Prokh.
0%
Allium {denudatum} Redouté
0%
Allium {derderianum} Regel
0%
Allium {deserti-syriaci} Feinbrun
0%
Allium {desertorum} Forssk.
0%
Allium {diabolense} (Ownbey / Aase / Traub) / McNeal
0%
Allium {dichlamydeum} Greene
0%
Allium {dictuon} H.St.John
0%
Allium {dictyoprasum} C.A.Mey. / Kunth
0%
Allium {dictyoscordum} Vved.
0%
Allium {dilatatum} Zahar.
0%
Allium {dinsmorei} Rech.f.
0%
Allium {diomedeum} Brullo / Guglielmo / Pavone / Salmeri
0%
Allium {dirphianum} Brullo / Guglielmo / Pavone / Salmeri / Terrasi
0%
Allium {djimilense} Boiss. / Regel
0%
Allium {dodecadontum} Vved.
0%
Allium {dodecanesi} Karavok. / Tzanoud.
0%
Allium {doenmezii} Mutlu / Karakus
0%
Allium {dolichomischum} Vved.
0%
Allium {dolichostylum} Vved.
0%
Allium {dolichovaginatum} R.M.Fritsch
0%
Allium {douglasii} Hook.
0%
Allium {drepanophyllum} Vved.
0%
Allium {drobovii} Vved.
0%
Allium {drummondii} Oignon de Dummond/des prairies / Ail sauvage Regel
0%
Allium {drusorum} Feinbrun
0%
Allium {dshungaricum} Vved.
0%
Allium {ducissae} Bartolucci / Iocchi / F.Conti
0%
Allium {dumebuchum} H.J.Choi
0%
Allium {dumetorum} Feinbrun / Szel.
0%
Allium {durangoense} Traub
0%
Allium {ebusitanum} Font / Quer
0%
Allium {eduardi} Stearn / Airy / Shaw
0%
Allium {efeae} Özhatay / I.Genç
0%
Allium {egorovae} M.V.Agab. / Ogan.
0%
Allium {ekeri} E.Kaya / Koçyigit
0%
Allium {ekimianum} Eksi / Koyuncu / Özkan
0%
Allium {elaounii} El / Mokni
0%
Allium {elazigense} Sonay / Gül / E.Bagci
0%
Allium {elburzense} Wendelbo
0%
Allium {eldivanense} Özhatay
0%
Allium {elegans} Drobow
0%
Allium {elegantulum} Kitag.
0%
Allium {elifadae} Eker
0%
Allium {ellisii} Hook.f.
0%
Allium {elmaliense} Deniz / Sümbül
0%
Allium {elmendorfii} M.E.Jones / Ownbey
0%
Allium {enginii} Özhatay / B.Mathew
0%
Allium {erdelii} Zucc.
0%
Allium {eremoprasum} Vved.
0%
Allium {ericetorum} Thore
0%
Allium {eriocoleum} Vved.
0%
Allium {ertugrulii} Demir. / Uysal
0%
Allium {erubescens} K.Koch
0%
Allium {erythraeum} Griseb.
0%
Allium {erzincanicum} Özhatay / Kandemir
0%
Allium {esfahanicum} R.M.Fritsch
0%
Allium {esfandiarii} Matin
0%
Allium {euboicum} Rech.f.
0%
Allium {eugenii} Vved.
0%
Allium {eulae} Cory / T.M.Howard
0%
Allium {euphraticum} Balos / Sonay / Çakılc.
0%
Allium {eurotophilum} Wiggins
0%
Allium {eusperma} Airy / Shaw
0%
Allium {exaltatum} (Meikle) / Brullo / Pavone / Salmeri / Venora
0%
Allium {exile} Boiss. / Orph.
0%
Allium {falcifolium} Oignon à tige plate/plat de la côte Hook. / Arn.
0%
Allium {fanjingshanense} C.D.Yang / G.Q.Gou
0%
Allium {fantasmasense} Traub
0%
Allium {farashinense} Balos / Geçit
0%
Allium {farctum} Wendelbo
0%
Allium {farreri} Stearn
0%
Allium {fasciculatum} Rendle
0%
Allium {favosum} Zahar.
0%
Allium {fedtschenkoi} Nábelek
0%
Allium {feinbergii} Oppenh.
0%
Allium {feqiyeteyranii} Fırat
0%
Allium {ferganicum} Vved.
0%
Allium {fethiyense} Özhatay / B.Mathew
0%
Allium {fetisowii} Regel
0%
Allium {fibriferum} Wendelbo
0%
Allium {fibrillum} M.E.Jones
0%
Allium {filidens} Regel
0%
Allium {filidentiforme} Vved.
0%
Allium {fimbriatum} Oignon frangé S.Watson
0%
Allium {fistulosum} Ciboule / cive / cébette / oignon d'hiver/vert / oignon-pays Linné
0%
Allium {flavellum} Vved.
0%
Allium {flavescens} Besser
0%
Allium {flavidum} Ledeb.
0%
Allium {flavum} Ail jaune Linné
0%
Allium {formosum} Sennikov / Lazkov
0%
Allium {forrestii} Diels
0%
Allium {franciniae} Brullo / Pavone
0%
Allium {fraseri} (Ownbey) / Shinners
0%
Allium {frigidum} Boiss. / Heldr.
0%
Allium {fritschii} F.O.Khass. / Yengal.
0%
Allium {funckiifolium} Hand.-Mazz.
0%
Allium {furkatii} R.M.Fritsch
0%
Allium {fuscoviolaceum} Fomin
0%
Allium {fuscum} Waldst. / Kit.
0%
Allium {fussii} A.Kern.
0%
Allium {gabardaghense} Firat
0%
Allium {galanthum} Oignon perce-neige Kar. / Kir.
0%
Allium {galileum} Brullo / Guglielmo / Pavone / Salmeri
0%
Allium {garbarii} Peruzzi
0%
Allium {garganicum} Brullo / Pavone / Salmeri / Terrasi
0%
Allium {gasyunense} Mouterde
0%
Allium {gemiciana} Yıld. / Kılıç
0%
Allium {geyeri} S.Watson
0%
Allium {giganteum} Ail géant de l’Himalaya / oignon géant Regel
0%
Allium {gilanense} Bagheri / R.M.Fritsch
0%
Allium {gilgiticum} F.T.Wang / Tang
0%
Allium {gillii} Wendelbo
0%
Allium {glaciale} Vved.
0%
Allium {glandulosum} Link / Otto
0%
Allium {glomeratum} Prokh.
0%
Allium {glumaceum} Boiss. / Hausskn.
0%
Allium {goekyigitii} Ekim / H.Duman / Güner
0%
Allium {goloskokovii} Vved.
0%
Allium {gomphrenoides} Boiss. / Heldr.
0%
Allium {gooddingii} Ownbey
0%
Allium {gorumsense} (Regel) / Boiss.
0%
Allium {goulimyi} Tzanoud.
0%
Allium {goumenissanum} Ioannidis / Tzanoud.
0%
Allium {gracillimum} Vved.
0%
Allium {gramineum} K.Koch
0%
Allium {grande} Lipsky
0%
Allium {graveolens} (R.M.Fritsch) / R.M.Fritsch
0%
Allium {greuteri} Brullo / Pavone
0%
Allium {griffithianum} Boiss.
0%
Allium {grisellum} J.M.Xu
0%
Allium {grosii} Font / Quer
0%
Allium {grumm-grshimailoi} Kamelin / Namz.
0%
Allium {guanxianense} J.M.Xu
0%
Allium {guatemalense} Traub
0%
Allium {gubanovii} Kamelin
0%
Allium {guicciardii} Heldr.
0%
Allium {gunibicum} Miscz. / Grossh.
0%
Allium {gusaricum} Regel
0%
Allium {guttatum} Ail tacheté/taché Steven
0%
Allium {gypsaceum} Popov / Vved.
0%
Allium {gypsodictyum} Vved.
0%
Allium {habibii} F.O.Khass.
0%
Allium {haemanthoides} Boiss. / Reut. / Regel
0%
Allium {haematochiton} Oignon rouge S.Watson
0%
Allium {halfetiense} Balos
0%
Allium {hamedanense} R.M.Fritsch
0%
Allium {hamrinense} Hand.-Mazz.
0%
Allium {haneltii} F.O.Khass. / R.M.Fritsch
0%
Allium {haussknechtii} Nábelek
0%
Allium {hedgei} Wendelbo
0%
Allium {heldreichii} Boiss.
0%
Allium {helicophyllum} Vved.
0%
Allium {hemisphaericum} (Sommier) / Brullo
0%
Allium {henryi} C.H.Wright
0%
Allium {herderianum} Regel
0%
Allium {hermoneum} (Kollmann / Shmida) / Brullo / Guglielmo / Pavone
0%
Allium {heteronema} F.T.Wang / Tang
0%
Allium {heterophyllum} D.F.Xie / X.J.He
0%
Allium {hexaceras} Vved.
0%
Allium {hickmanii} Eastw.
0%
Allium {hierosolymorum} Regel
0%
Allium {hindukuschense} Kamelin / Seisums
0%
Allium {hintoniorum} B.L.Turner
0%
Allium {hippocraticum} Brullo / Salmeri
0%
Allium {hirtovaginatum} Kunth
0%
Allium {hirtovaginum} Candargy
0%
Allium {hissaricum} Vved.
0%
Allium {hoffmanii} Ownbey / Traub
0%
Allium {hollandicum} R.M.Fritsch
0%
Allium {hookeri} Thwaites
0%
Allium {hooshidaryae} Mashayekhi / Zarre / R.M.Fritsch
0%
Allium {horvatii} Lovrić
0%
Allium {hoshabicum} Firat
0%
Allium {howellii} Eastw.
0%
Allium {huber-morathii} Kollmann / Özhatay / Koyuncu
0%
Allium {humile} Kunth
0%
Allium {huntiae} Traub
0%
Allium {hyalinum} Curran
0%
Allium {hymenorhizum} Ledeb.
0%
Allium {hymettium} Boiss. / Heldr.
0%
Allium {hypsistum} Stearn
0%
Allium {ilgazense} Özhatay
0%
Allium {iliense} Regel
0%
Allium {inaequale} Janka
0%
Allium {incomptum} Kierstead / Lindstrand
0%
Allium {inconspicuum} Vved.
0%
Allium {incrustatum} Vved.
0%
Allium {inderiense} Fisch. / Bunge
0%
Allium {inops} Vved.
0%
Allium {insubricum} Ail de Lombardie/d’insubrie Boiss. / Reut.
0%
Allium {insufficiens} Vved.
0%
Allium {integerrimum} Zahar.
0%
Allium {intradarvazicum} R.M.Fritsch
0%
Allium {inutile} Makino
0%
Allium {ionandrum} Wendelbo
0%
Allium {ionicum} Brullo / Tzanoud.
0%
Allium {iranicum} (Wendelbo) / Wendelbo
0%
Allium {iranshahrii} R.M.Fritsch
0%
Allium {isakulii} R.M.Fritsch / F.O.Khass.
0%
Allium {isauricum} Hub.-Mor. / Wendelbo
0%
Allium {israeliticum} Fragman / R.M.Fritsch
0%
Allium {istanbulense} Özhatay / Koçyigit / Brullo / Salmeri
0%
Allium {ivasczenkoae} Kotukhov
0%
Allium {izmirense} Pirhan
0%
Allium {jacquemontii} Kunth
0%
Allium {jaegeri} R.M.Fritsch
0%
Allium {jakuticum} Sinitsyna / N.Friesen
0%
Allium {jaxarticum} Vved.
0%
Allium {jepsonii} (Ownbey / Aase / Traub) / S.S.Denison / McNeal
0%
Allium {jesdianum} Boiss. / Buhse
0%
Allium {jichouense} X.G.Ma / H.Sun / D.Q.Huang
0%
Allium {jodanthum} Vved.
0%
Allium {joharchii} F.O.Khass. / Memariani
0%
Allium {jubatum} J.F.Macbr.
0%
Allium {jucundum} Vved.
0%
Allium {judaeum} Ben-Natan / Fragman
0%
Allium {juldusicola} Regel
0%
Allium {julianum} Brullo / Gangale / Uzunov
0%
Allium {junceum} Sm.
0%
Allium {kandemirii} I.Genç / Özhatay
0%
Allium {kangdingense} D.F.Xie / X.J.He
0%
Allium {karacae} Koyuncu
0%
Allium {karamanoglui} Koyuncu / Kollmann
0%
Allium {karataviense} Regel
0%
Allium {karelinii} Poljak.
0%
Allium {karistanum} Brullo / Pavone / Salmeri
0%
Allium {karsianum} Fomin
0%
Allium {karvounis} Brullo / Giusso / Musarella
0%
Allium {karyeteini} Post
0%
Allium {kaschianum} Regel
0%
Allium {kastambulense} Kollmann
0%
Allium {kasteki} Popov
0%
Allium {kayae} Özhatay / Koyuncu
0%
Allium {kazerouni} Parsa
0%
Allium {keeverae} D.B.Poind. / Weakley / P.J.Williams
0%
Allium {kermesinum} Crimson leek / Kamnik leek Rchb.
0%
Allium {keusgenii} R.M.Fritsch
0%
Allium {kharputense} Freyn / Sint.
0%
Allium {khozratense} R.M.Fritsch
0%
Allium {kiiense} (Murata) / Hir.Takah.bis / M.Hotta
0%
Allium {kingdonii} Stearn
0%
Allium {kirilovii} N.Friesen / Seregin
0%
Allium {kirindicum} Bornm.
0%
Allium {koelzii} (Wendelbo) / Perss. / Wendelbo
0%
Allium {koenigianum} Grossh.
0%
Allium {kokanicum} Regel
0%
Allium {koksuense} R.M.Fritsch / N.Friesen / S.V.Smirn.
0%
Allium {kollmannianum} Brullo / Pavone / Salmeri
0%
Allium {komarowii} Lipsky
0%
Allium {kondarinum} Kamelin
0%
Allium {kopetdagense} Vved.
0%
Allium {kopsedorum} R.M.Fritsch
0%
Allium {koreanum} H.J.Choi / B.U.Oh
0%
Allium {korolkowii} Regel
0%
Allium {kossoricum} Fomin
0%
Allium {kotschyi} Boiss.
0%
Allium {koyuncui} H.Duman / Özhatay
0%
Allium {kubeysdaghense} Balos / Sonay
0%
Allium {kuhrangense} Akhavan / Saeidi / R.M.Fritsch
0%
Allium {kuhsorkhense} R.M.Fritsch / Joharchi
0%
Allium {kujukense} Vved.
0%
Allium {kunthianum} Vved.
0%
Allium {kuramense} F.O.Khass. / N.Friesen
0%
Allium {kurdistanicum} Maroofi / R.M.Fritsch
0%
Allium {kurssanovii} Popov
0%
Allium {kurtzianum} Asch. / Sint. / Kollmann
0%
Allium {kwakense} (R.M.Fritsch) / R.M.Fritsch
0%
Allium {kysylkumi} Kamelin
0%
Allium {lachnophyllum} Paine
0%
Allium {lacunosum} S.Watson
0%
Allium {lagarophyllum} Brullo / Pavone / Tzanoud.
0%
Allium {lalesaricum} Freyn / Bornm.
0%
Allium {lamondiae} Wendelbo
0%
Allium {lasiophyllum} Vved.
0%
Allium {latifolium} Jaub. / Spach
0%
Allium {lazikkiyense} Koçyigit / Özhatay / E.Kaya
0%
Allium {ledebourianum} Schult. / Schult.f.
0%
Allium {lefkadense} Brullo / Giusso / Musarella
0%
Allium {lehmannianum} Merckl. / Bunge
0%
Allium {lehmannii} Lojac.
0%
Allium {lemmonii} S.Watson
0%
Allium {lenkoranicum} Miscz. / Grossh.
0%
Allium {lepsicum} R.M.Fritsch / N.Friesen / S.V.Smirn.
0%
Allium {leptomorphum} Vved.
0%
Allium {leucanthum} K.Koch
0%
Allium {leucocephalum} Turcz. / Trautv.
0%
Allium {leucosphaerum} Aitch. / Baker
0%
Allium {levichevii} F.O.Khass. / Esankulov / Sulejm.
0%
Allium {libani} Boiss.
0%
Allium {lilacinum} Klotzsch
0%
Allium {liliputianum} Koçyigit / Özhatay / E.Kaya
0%
Allium {lineare} Linné
0%
Allium {linearifolium} H.J.Choi / B.U.Oh
0%
Allium {lipskyanum} Vved.
0%
Allium {listera} Stearn
0%
Allium {litardierei} J.-M.Tison
0%
Allium {litvinovii} Drobow / Vved.
0%
Allium {lojaconoi} Brullo / Lanfr. / Pavone
0%
Allium {longanum} Pamp.
0%
Allium {longicollum} Wendelbo
0%
Allium {longifolium} (Kunth) / Spreng.
0%
Allium {longipapillatum} R.M.Fritsch / Matin
0%
Allium {longiradiatum} (Regel) / Vved.
0%
Allium {longisepalum} Bertol.
0%
Allium {longispathum} Redouté
0%
Allium {longistylum} Baker
0%
Allium {longivaginatum} Wendelbo
0%
Allium {lopadusanum} Bartolo / Brullo / Pavone
0%
Allium {loratum} Baker
0%
Allium {lusitanicum} Ail des montagnes / Ciboule vivace Lam.
0%
Allium {luteolum} Halácsy
0%
Allium {lutescens} Vved.
0%
Allium {lycaonicum} Siehe / Hayek
0%
Allium {maackii} (Maxim.) / Prokh. / Kom.
0%
Allium {macedonicum} Zahar.
0%
Allium {machmelianum} Post
0%
Allium {macleanii} Baker
0%
Allium {macranthum} Baker
0%
Allium {macrochaetum} Boiss. / Hausskn.
0%
Allium {macropetalum} Rydb.
0%
Allium {macrostemon} Ail chinois/japonais / oignon à longues étamines Bunge
0%
Allium {macrostylum} Regel
0%
Allium {macrum} S.Watson
0%
Allium {madidum} S.Watson
0%
Allium {maghrebinum} Brullo / Pavone / Salmeri
0%
Allium {mahneshanense} Razyfard / Zarre / R.M.Fritsch
0%
Allium {mairei} H.Lév.
0%
Allium {majus} Vved.
0%
Allium {makrianum} C.Brullo / Brullo / Giusso / Salmeri
0%
Allium {malyschevii} N.Friesen
0%
Allium {maniaticum} Brullo / Tzanoud.
0%
Allium {mannii} Traub / T.M.Howard
0%
Allium {maowenense} J.M.Xu
0%
Allium {maraschicum} Koçyigit / Özhatay
0%
Allium {marathasicum} Brullo / Pavone / Salmeri
0%
Allium {mardinense} Balos / Akan / Yıldırım
0%
Allium {mareoticum} Bornm. / Gauba
0%
Allium {margaritae} B.Fedtsch.
0%
Allium {margaritiferum} Vved.
0%
Allium {marginatum} Janka
0%
Allium {mariae} Bordz.
0%
Allium {marmoratum} Seregin
0%
Allium {marschallianum} Vved.
0%
Allium {massaessylum} Batt. / Trab.
0%
Allium {materculae} Bordz.
0%
Allium {matiniae} N.Friesen / M.Abbasi
0%
Allium {mauritanicum} Brullo / Pavone / Salmeri
0%
Allium {maximowiczii} Regel
0%
Allium {megalobulbon} Regel
0%
Allium {mehmetyascharii} Eker
0%
Allium {meikleanum} Brullo / Pavone / Salmeri
0%
Allium {melanantherum} Pančić
0%
Allium {melananthum} Coincy
0%
Allium {melanogyne} Greuter
0%
Allium {melliferum} Traub
0%
Allium {membranaceum} Ownbey / Traub
0%
Allium {meronense} Fragman / R.M.Fritsch
0%
Allium {meteoricum} Heldr. / Hausskn. / Halácsy
0%
Allium {mexicanum} Traub
0%
Allium {michaelis} F.O.Khass. / Tojibaev
0%
Allium {michoacanum} Traub
0%
Allium {micranthum} Wendelbo
0%
Allium {microdictyon} Prokh.
0%
Allium {microspathum} Ekberg
0%
Allium {minus} (S.O.Yu / S.Lee / W.Lee) / H.J.Choi / B.U.Oh
0%
Allium {minutiflorum} Regel
0%
Allium {minutum} Vved.
0%
Allium {mirum} Wendelbo
0%
Allium {mirzajevii} Tscholok.
0%
Allium {moderense} R.M.Fritsch
0%
Allium {mogianense} (R.M.Fritsch / F.O.Khass.) / F.O.Khass. / Yusupov
0%
Allium {monachorum} Stepanov
0%
Allium {monanthum} Maxim.
0%
Allium {mongolicum} Regel
0%
Allium {monophyllum} Vved. / Czerniak.
0%
Allium {montanostepposum} N.Friesen / Seregin
0%
Allium {montelburzense} R.M.Fritsch / Salmaki / Zarre
0%
Allium {montibaicalense} N.Friesen
0%
Allium {monticola} Davidson
0%
Allium {moschatum} Ail musqué Linné
0%
Allium {mozaffarianii} Maroofi / R.M.Fritsch
0%
Allium {multibulbosum} Jacq.
0%
Allium {munzii} (Ownbey / Aase / Traub) / McNeal
0%
Allium {muratozelii} Armagan
0%
Allium {murat-sonayi} Balos / Sonay / C.Çeçen
0%
Allium {myrianthum} Boiss.
0%
Allium {najafdaricum} R.M.Fritsch
0%
Allium {nanodes} Airy / Shaw
0%
Allium {naqabense} Al-Eisawi / Omar
0%
Allium {narcissiflorum} Ail à fleurs de narcisses/feuilles de narcisses Vill.
0%
Allium {nathaliae} Seregin
0%
Allium {nazarenum} C.Brullo / Brullo / Giusso / Salmeri
0%
Allium {neapolitanum} Ail blanc/de Naples Cirillo
0%
Allium {nebrodense} Guss.
0%
Allium {nebularum} Stepanov
0%
Allium {negevense} Kollmann
0%
Allium {negianum} A.Pandey / K.M.Rai / Malav / S.Rajkumar
0%
Allium {nemrutdaghense} Kit / Tan / Sorger
0%
Allium {neodenticulatum} Idrees / Z.Yong / Zhang
0%
Allium {nerimaniae} Koçyigit / E.Kaya
0%
Allium {neriniflorum} (Herb.) / G.Don
0%
Allium {nevadense} S.Watson
0%
Allium {nevsehirense} Koyuncu / Kollmann
0%
Allium {nevskianum} Vved. / Wendelbo
0%
Allium {nikolaii} F.O.Khass. / Achilova
0%
Allium {noeanum} Reut. / Regel
0%
Allium {notabile} Feinbrun
0%
Allium {nuratavicum} (R.M.Fritsch / Beshko) / Beshko
0%
Allium {nuristanicum} Kitam.
0%
Allium {nutans} Ciboulette de Sibérie Linné
0%
Allium {obtusiflorum} Redouté
0%
Allium {obtusum} Lemmon
0%
Allium {occultum} Tzanoud. / Trigas
0%
Allium {ochotense} Oignon de Sibérie Prokh.
0%
Allium {oleraceum} Ail des jardins/des champs Linné
0%
Allium {oliganthum} Kar. / Kir.
0%
Allium {olivieri} Boiss.
0%
Allium {oltense} Grossh.
0%
Allium {olympicum} Boiss.
0%
Allium {omeiense} Z.Y.Zhu
0%
Allium {opacum} Rech.f.
0%
Allium {ophiophyllum} Vved.
0%
Allium {oporinanthum} Ail de Girerd Brullo / Pavone / Salmeri
0%
Allium {optimae} Greuter
0%
Allium {oreodictyum} Vved.
0%
Allium {oreohellenicum} Tzanoud. / Tsakiri / Raus
0%
Allium {oreophiloides} Regel
0%
Allium {oreophilum} C.A.Mey.
0%
Allium {oreoprasoides} Vved.
0%
Allium {oreoprasum} Schrenk
0%
Allium {oreoscordum} Vved.
0%
Allium {oreotadzhikorum} R.M.Fritsch
0%
Allium {orestis} Kalpoutz. / Trigas / Constantin.
0%
Allium {orientale} Boiss.
0%
Allium {orientalialashanicum} L.Q.Zhao / Y.Z.Zhao
0%
Allium {orientoiranicum} Neshati / Zarre / R.M.Fritsch
0%
Allium {orosamium} Brullo / Giusso / Musarella
0%
Allium {orunbaii} F.O.Khass. / R.M.Fritsch
0%
Allium {oschaninii} Échalote grise O.Fedtsch.
0%
Allium {ovalifolium} Hand.-Mazz.
0%
Allium {ownbeyi} Traub
0%
Allium {oxianum} F.O.Khass. / Tojibaev
0%
Allium {paepalanthoides} Airy / Shaw
0%
Allium {palaestinum} Kollmann / Fragman / N.Friesen
0%
Allium {palentinum} Losa / P.Monts.
0%
Allium {pallasii} Murray
0%
Allium {pallens} Linné
0%
Allium {pamiricum} Wendelbo
0%
Allium {pangasicum} Turak.
0%
Allium {paniculatum} Linné
0%
Allium {panjaoense} Wendelbo
0%
Allium {panormitanum} Brullo / Pavone / Salmeri
0%
Allium {panormitisi} Galanos / Tzanoud.
0%
Allium {papillare} Boiss.
0%
Allium {papillosum} Brullo / Salmeri
0%
Allium {paradoxum} Ail paradoxal / Few-flowered leek / Wunder-Launch (M.Bieb.) / G.Don
0%
Allium {parciflorum} Viv.
0%
Allium {parhamii} Memariani
0%
Allium {parnassicum} (Boiss.) / Halácsy
0%
Allium {parryi} S.Watson
0%
Allium {parvulum} Vved.
0%
Allium {parvum} Kellogg
0%
Allium {passeyi} N.H.Holmgren / A.H.Holmgren
0%
Allium {pavoneanum} Brullo / Salmeri
0%
Allium {pelagicum} Brullo / Pavone / Salmeri
0%
Allium {pendulinum} Ail italien Ten.
0%
Allium {peninsulare} Lemmon / Greene
0%
Allium {pentadactyli} Brullo / Pavone / Spamp
0%
Allium {perdulce} S.V.Fraser
0%
Allium {permixtum} Guss.
0%
Allium {peroninianum} Azn.
0%
Allium {perpendiculum} Koçyigit / Özhatay / E.Kaya
0%
Allium {pervariense} Firat / Koyuncu
0%
Allium {pervestitum} Klokov
0%
Allium {petraeum} Kar. / Kir.
0%
Allium {petri} F.O.Khass. / R.M.Fritsch
0%
Allium {pevtzovii} Prokh.
0%
Allium {phanerantherum} Boiss. / Hausskn.
0%
Allium {phariense} Rendle
0%
Allium {phitosianum} Brullo / Guglielmo / Pavone / Salmeri / Terrasi
0%
Allium {phrygium} Boiss. / Balansa
0%
Allium {phthioticum} Boiss. / Heldr.
0%
Allium {pictistamineum} O.Schwarz
0%
Allium {pignattii} Brullo / Salmeri
0%
Allium {pilosum} Sm.
0%
Allium {platakisii} Tzanoud. / Kypr.
0%
Allium {platycaule} S.Watson
0%
Allium {platyspathum} Schrenk / Fisch. / C.A.Mey.
0%
Allium {plummerae} S.Watson
0%
Allium {plurifoliatum} Rendle
0%
Allium {podolicum} Blocki / Racib. / Szafer
0%
Allium {pogonotepalum} Wendelbo
0%
Allium {polyrhizum} Turcz. / Regel
0%
Allium {ponticum} Miscz. / Grossh.
0%
Allium {popovii} Vved.
0%
Allium {porrum} Poireau cultivé Linné
0%
Allium {potosiense} Traub
0%
Allium {praemixtum} Vved.
0%
Allium {praescissum} Rchb.
0%
Allium {prattii} C.H.Wright
0%
Allium {proponticum} Stearn / Özhatay
0%
Allium {prostratum} Trevir.
0%
Allium {protensum} Wendelbo
0%
Allium {pruinatum} Link / Spreng.
0%
Allium {przewalskianum} Regel
0%
Allium {psebaicum} Mikheev
0%
Allium {pseudoalbidum} N.Friesen / Özhatay
0%
Allium {pseudoampeloprasum} Miscz. / Grossh.
0%
Allium {pseudobodeanum} R.M.Fritsch / Matin
0%
Allium {pseudocalyptratum} Mouterde
0%
Allium {pseudoflavum} Vved.
0%
Allium {pseudofraseri} T.M.Howard
0%
Allium {pseudohollandicum} R.M.Fritsch
0%
Allium {pseudojaponicum} Makino
0%
Allium {pseudophanerantherum} Rech.f.
0%
Allium {pseudosenescens} H.J.Choi / B.U.Oh
0%
Allium {pseudostamineum} Kollmann / Shmida
0%
Allium {pseudostrictum} Albov
0%
Allium {pseudotelmatum} Duchoslav / Jandová
0%
Allium {pseudowinklerianum} R.M.Fritsch / F.O.Khass.
0%
Allium {pshikharvicum} (R.M.Fritsch / F.O.Khass.) / F.O.Khass. / Yusupov
0%
Allium {pskemense} B.Fedtsch.
0%
Allium {pueblanum} Traub
0%
Allium {pumilum} Vved.
0%
Allium {punctum} L.F.Hend.
0%
Allium {purpureotunicatum} Aytaç / Ekşi / Koçyiğit
0%
Allium {purpureoviride} Koyuncu / I.Genç
0%
Allium {pustulosum} Boiss. / Hausskn.
0%
Allium {pycnotrichum} Trigas / Kalpoutz. / Constantin.
0%
Allium {pyrenaicum} Ail des Pyrénées Costa / Vayr.
0%
Allium {pythagoricum} Brullo / Salmeri
0%
Allium {quercetorum} (Seregin) / Seregin
0%
Allium {ramosum} Ail à fleurs parfumées / ciboulette chinoise Linné
0%
Allium {rausii} Brullo / Guglielmo / Pavone / Salmeri / Terrasi
0%
Allium {ravenii} F.O.Khass. / Shomur. / Kadyrov
0%
Allium {rechingeri} Wendelbo
0%
Allium {regelianum} A.K.Becker
0%
Allium {regelii} Trautv.
0%
Allium {registanicum} Wendelbo
0%
Allium {remediorum} (R.M.Fritsch) / R.M.Fritsch
0%
Allium {retrorsum} (Özhatay / Kollmann) / Brullo / Guglielmo / Pavone
0%
Allium {reuterianum} Boiss.
0%
Allium {rhabdotum} Stearn
0%
Allium {rhetoreanum} Nábelek
0%
Allium {rhizomatum} Wooton / Standl.
0%
Allium {rhodiacum} Brullo / Pavone / Salmeri
0%
Allium {rhodopeum} Velen.
0%
Allium {rhynchogynum} Diels
0%
Allium {rinae} F.O.Khass. / Shomur. / Tojibaev
0%
Allium {ritsi} Iatroú / Tzanoud.
0%
Allium {robertianum} Kollmann
0%
Allium {robinsonii} L.F.Hend.
0%
Allium {roborowskianum} Regel
0%
Allium {robustum} Kar. / Kir.
0%
Allium {rollovii} Grossh.
0%
Allium {rosenbachianum} Regel
0%
Allium {rosenorum} R.M.Fritsch
0%
Allium {rothii} Zucc.
0%
Allium {rotundum} Poireau à tête ronde / ail à fleurs violettes Linné
0%
Allium {rouyi} Gaut.
0%
Allium {roylei} Stearn
0%
Allium {rubellum} M.Bieb.
0%
Allium {rubens} Spreng.
0%
Allium {rubriflorum} (Adamovic) / Anackov / N.Friesen / Seregin
0%
Allium {rubrovittatum} Boiss. / Heldr.
0%
Allium {rude} J.M.Xu
0%
Allium {ruhmerianum} Asch. / E.A.Durand / Barratte
0%
Allium {rumelicum} Koçyigit / Özhatay
0%
Allium {runemarkii} Trigas / Tzanoud.
0%
Allium {runyonii} Ownbey
0%
Allium {rupestre} Steven
0%
Allium {rupestristepposum} N.Friesen
0%
Allium {rupicola} Boiss. / Mouterde
0%
Allium {sabalense} R.M.Fritsch
0%
Allium {sabulosum} Steven / Bunge
0%
Allium {sabzakense} Wendelbo
0%
Allium {sacculiferum} Ciboulette ordinaire du Nord/triangulaire / northern plain chive Maxim.
0%
Allium {sahandicum} R.M.Fritsch
0%
Allium {sairamense} Regel
0%
Allium {salinum} A.I.Baranov / Skvortsov
0%
Allium {samniticum} Brullo / Pavone / Salmeri
0%
Allium {samothracicum} Tzanoud. / Strid / Kit / Tan
0%
Allium {samurense} Tscholok.
0%
Allium {sanandajense} Maroofi / R.M.Fritsch
0%
Allium {sanbornii} Alph.Wood
0%
Allium {sandrasicum} Kollmann / Özhatay / Bothmer
0%
Allium {sannineum} Gomb.
0%
Allium {saposhnikovii} Nikitina
0%
Allium {saralicum} R.M.Fritsch
0%
Allium {sarawschanicum} Regel
0%
Allium {sardoum} Moris
0%
Allium {saricanense} Balos / Sonay / Koçyiğit
0%
Allium {sarychelekense} Krassovsk.
0%
Allium {sativum} Ail commun/cultivé Linné
0%
Allium {savii} Parl.
0%
Allium {savranicum} (Nyman) / Oxner
0%
Allium {saxatile} M.Bieb.
0%
Allium {scaberrimum} J.Serres
0%
Allium {scabriflorum} Boiss.
0%
Allium {scabriscapum} Boiss.
0%
Allium {schachimardanicum} Vved.
0%
Allium {scharobitdinii} F.O.Khass. / Tojibaev
0%
Allium {schergianum} Boiss.
0%
Allium {schischkinii} Sobolevsk.
0%
Allium {schisticola} R.M.Fritsch / Moazzeni / Dolatyari
0%
Allium {schistosum} N.Friesen / Seregin
0%
Allium {schmitzii} Cout.
0%
Allium {schoenoprasoides} Regel
0%
Allium {schoenoprasum} Ciboulette (commune) / civette Linné
0%
Allium {schrenkii} Regel
0%
Allium {schubertii} Ail de von Schubert/de Jezreel Zucc.
0%
Allium {schugnanicum} Vved.
0%
Allium {scilloides} Douglas / S.Watson
0%
Allium {scorodoprasum} Ail de rocambole / rocambole Linné
0%
Allium {scorzonerifolium} Desf. / Redouté
0%
Allium {scotostemon} Wendelbo
0%
Allium {scrobiculatum} Vved.
0%
Allium {seirotrichum} Ducell. / Maire
0%
Allium {semenovii} Regel
0%
Allium {senescens} Ciboulette vieillissante/à feuilles larges / ail allemand Linné
0%
Allium {sergii} Vved.
0%
Allium {serpenticola} Eker
0%
Allium {serpentinicum} I.Genç / Özhatay
0%
Allium {serra} McNeal / Ownbey
0%
Allium {setifolium} Schrenk / Fisch. / C.A.Mey.
0%
Allium {severtzovioides} R.M.Fritsch
0%
Allium {sewerzowii} Regel
0%
Allium {shahinii} H.Duman / Eksi
0%
Allium {sharsmithiae} (Ownbey / Aase / Traub) / McNeal
0%
Allium {shatakiense} Rech.f.
0%
Allium {shelkovnikovii} Grossh.
0%
Allium {shevockii} McNeal
0%
Allium {shinasii} Armağan
0%
Allium {shirnakiense} Behçet / Rüstem.
0%
Allium {sibthorpianum} Schult. / Schult.f.
0%
Allium {siculum} Ail miel/de miel de Sicile/de Bulgarie / lys de miel de Sicile / cloches méditerranéennes Ucria
0%
Allium {sieheanum} Hausskn. / Kollmann
0%
Allium {sikkimense} Baker
0%
Allium {simillimum} L.F.Hend.
0%
Allium {sinaiticum} Boiss.
0%
Allium {sindjarense} Boiss. / Hausskn. / Regel
0%
Allium {sinkiangense} F.T.Wang / Y.C.Tang
0%
Allium {sintenisii} Freyn
0%
Allium {siphonanthum} J.M.Xu
0%
Allium {sipyleum} Boiss.
0%
Allium {siskiyouense} Ownbey / Traub
0%
Allium {sivasicum} Özhatay / Kollmann
0%
Allium {smyrnaeum} Brullo / Salmeri
0%
Allium {sochense} R.M.Fritsch / U.Turak.
0%
Allium {songpanicum} J.M.Xu
0%
Allium {sordidiflorum} Vved.
0%
Allium {sosnovskyanum} Miscz. / Grossh.
0%
Allium {spathaceum} Steud. / A.Rich.
0%
Allium {spathulatum} F.O.Khass. / R.M.Fritsch
0%
Allium {speculae} Ownbey / Aase
0%
Allium {sphaerocephalon} Ail à tête ronde Linné
0%
Allium {sphaeronixum} Koçyiğit / Salmeri / Özhatay / E.Kaya / Brullo
0%
Allium {spicatum} (Prain) / N.Friesen
0%
Allium {spirale} Schweigg.
0%
Allium {spirophyllum} Wendelbo
0%
Allium {splendens} Willd. / Schult. / Schult.f.
0%
Allium {sprengeri} Regel
0%
Allium {spurium} G.Don
0%
Allium {stamatiadae} Trigas
0%
Allium {stamineum} Boiss.
0%
Allium {staticiforme} Sm.
0%
Allium {stearnianum} Koyuncu / Özhatay / Kollmann
0%
Allium {stellatum} Nutt. / Ker / Gawl.
0%
Allium {stellerianum} Willd.
0%
Allium {stenopetalum} Boiss. / Kotschy / Regel
0%
Allium {stephanophorum} Vved.
0%
Allium {stipitatum} Regel
0%
Allium {stocksianum} Boiss.
0%
Allium {stoloniferum} Ownbey / T.D.Jacobson
0%
Allium {stracheyi} Baker
0%
Allium {straussii} Bornm.
0%
Allium {strictum} Schrad.
0%
Allium {struzlianum} Ogan.
0%
Allium {stylosum} O.Schwarz
0%
Allium {suaveolens} Ail odorant Jacq.
0%
Allium {subakaka} Razyfard / Zarre
0%
Allium {subangulatum} Regel
0%
Allium {subhirsutum} Linné
0%
Allium {subkopetdagense} (R.M.Fritsch / F.O.Khass.) / R.M.Fritsch
0%
Allium {subnotabile} Wendelbo
0%
Allium {subscabrum} (Regel) / R.M.Fritsch
0%
Allium {subtilissimum} Ledeb.
0%
Allium {subvillosum} Ail presque velu Salzm. / Schult. / Schult.f.
0%
Allium {sulaimanicum} N.Khan / A.Sultan / N.Friesen
0%
Allium {sulphureum} Vved.
0%
Allium {sultaniae-ferhanii} Balos
0%
Allium {sultaniae-ismailii} Yıldırım
0%
Allium {sunhangii} F.O.Khass. / Tojibaev / Yusupov
0%
Allium {suworowii} Regel
0%
Allium {svetlanae} Vved. / Filim.
0%
Allium {symiacum} Galanos / Tzanoud.
0%
Allium {synnotii} G.Don
0%
Allium {szovitsii} Regel
0%
Allium {taciturnum} Vved.
0%
Allium {taeniopetalum} Popov / Vved.
0%
Allium {taishanense} J.M.Xu
0%
Allium {taiwanianum} S.S.Ying
0%
Allium {talassicum} Regel
0%
Allium {talijevii} Klokov
0%
Allium {talyschense} Miscz. / Grossh.
0%
Allium {tanguticum} Regel
0%
Allium {taquetii} H.Lév. / Vaniot
0%
Allium {tardans} Greuter / Zahar.
0%
Allium {tardiflorum} Kollmann / Shmida
0%
Allium {tarkhankuticum} Seregin
0%
Allium {taschkenticum} F.O.Khass. / R.M.Fritsch
0%
Allium {tatyanae} F.O.Khass. / F.Karimov
0%
Allium {tauricola} Boiss.
0%
Allium {tchihatschewii} Boiss.
0%
Allium {tekesicola} Regel
0%
Allium {telaponense} Traub
0%
Allium {tel-avivense} Eig
0%
Allium {telmatum} Bogdanovic / Brullo / Giusso / Salmeri
0%
Allium {tenuicaule} Regel
0%
Allium {tenuiflorum} Ten.
0%
Allium {tenuissimum} Linné
0%
Allium {teretifolium} Regel
0%
Allium {tetraploideum} M.J.Li / X.J.He
0%
Allium {texanum} T.M.Howard
0%
Allium {therinanthum} C.Brullo / Brullo / Fragman / Giusso / Salmeri
0%
Allium {thessalicum} Brullo / Pavone / Salmeri / Tzanoud.
0%
Allium {thunbergii} Ciboulette de Thunberg / ail de Thunberg G.Don
0%
Allium {tianmuense} Z.H.Chen / Yue / L.Xu
0%
Allium {tianschanicum} Rupr.
0%
Allium {tingitanum} Brullo / Pavone / Salmeri
0%
Allium {togashii} H.Hara
0%
Allium {tokalense} Kamelin / Levichev
0%
Allium {toksanbaicum} N.Friesen / Veselova
0%
Allium {tolmiei} Baker
0%
Allium {tourneuxii} Chabert
0%
Allium {trachycoleum} Wendelbo
0%
Allium {trachyscordum} Vved.
0%
Allium {transvestiens} Vved.
0%
Allium {traubii} T.M.Howard
0%
Allium {trautvetterianum} Regel
0%
Allium {tribracteatum} Torr.
0%
Allium {trichocnemis} J.Gay
0%
Allium {trichospathum} Brullo / Salmeri
0%
Allium {tricoccum} Oignon sauvage / ail trilobé/des bois / poireau sauvage Aiton
0%
Allium {trifoliatum} Cirillo
0%
Allium {trifurcatum} (F.T.Wang / Tang) / J.M.Xu
0%
Allium {tripedale} Trautv.
0%
Allium {tripterum} Nasir
0%
Allium {truncatum} (Feinbrun) / Kollmann / D.Zohary
0%
Allium {tschimganicum} B.Fedtsch.
0%
Allium {tschulaktavicum} Bajtenov / Nelina
0%
Allium {tsinlingense} Xun / P.L.Liu
0%
Allium {tubergenii} Freyn
0%
Allium {tuberosum} Ciboule de Chine / ciboulette chinoise Rottler / Spreng.
0%
Allium {tubiflorum} Rendle
0%
Allium {tuchalense} F.O.Khass. / Noroozi
0%
Allium {tulipifolium} Ledeb.
0%
Allium {tuncelianum} (Kollmann) / Özhatay / B.Mathew / Siraneci
0%
Allium {tuolumnense} (Ownbey / Aase / Traub) / S.S.Denison / McNeal
0%
Allium {turakulovii} (R.M.Fritsch / F.O.Khass.) / F.O.Khass. / Yusupov
0%
Allium {turcicum} Özhatay / Cowley
0%
Allium {turcomanicum} Regel
0%
Allium {turkestanicum} Regel
0%
Allium {turtschicum} Regel
0%
Allium {tuvinicum} (N.Friesen) / N.Friesen
0%
Allium {tytthanthum} Vved.
0%
Allium {tytthocephalum} Schult. / Schult.f.
0%
Allium {tzanoudakisanum} Brullo / Pavone / Salmeri
0%
Allium {ubipetrense} R.M.Fritsch
0%
Allium {ubsicola} Regel
0%
Allium {ulleungense} H.J.Choi / N.Friesen
0%
Allium {umbilicatum} Boiss.
0%
Allium {undulatipetalum} I.Genç / Özhatay
0%
Allium {unifolium} Kellogg
0%
Allium {urmiense} Kamelin / Seisums
0%
Allium {ursinum} Ail des ours/sauvage/des bois Linné
0%
Allium {urusakiorum} Özhatay / Seregin / N.Friesen
0%
Allium {valdecallosum} Maire / Weiller
0%
Allium {valdesianum} Brullo / Pavone / Salmeri
0%
Allium {valentinae} Pavlov
0%
Allium {validum} Pacific (mountain) onion S.Watson
0%
Allium {vallivanchense} R.M.Fritsch / N.Friesen
0%
Allium {variegatum} Boiss.
0%
Allium {vasilevskajae} Ogan.
0%
Allium {vavilovii} Popov / Vved.
0%
Allium {velutinum} Brullo / Salmeri
0%
Allium {verticillatum} Regel
0%
Allium {vescum} Wendelbo
0%
Allium {victorialis} Ail victorial/de la Sainte-Victoire Linné
0%
Allium {victoris} Vved.
0%
Allium {vineale} Ail des vignes Linné
0%
Allium {vinicolor} Wendelbo
0%
Allium {virgunculae} F.Maek. / Kitam.
0%
Allium {viridiflorum} Pobed.
0%
Allium {viridulum} Ledeb.
0%
Allium {vodopjanovae} N.Friesen
0%
Allium {vvedenskyanum} Pavlov
0%
Allium {wallichii} Kunth
0%
Allium {warzobicum} Kamelin
0%
Allium {webbii} Clementi
0%
Allium {wendelboanum} Kollmann
0%
Allium {wendelboi} Matin
0%
Allium {weschniakowii} Regel
0%
Allium {wiedemannianum} Regel
0%
Allium {willeanum} Holmboe
0%
Allium {winklerianum} Regel
0%
Allium {woronowii} Miscz. / Grossh.
0%
Allium {wulateicum} Y.Z.Zhao / Geming
0%
Allium {xiangchengense} J.M.Xu
0%
Allium {xichuanense} J.M.Xu
0%
Allium {xinlongense} D.F.Xie / X.J.He
0%
Allium {xiphopetalum} Aitch. / Baker
0%
Allium {yamadagense} Yıldırım / Eksi
0%
Allium {yanchiense} J.M.Xu
0%
Allium {yesilyurtense} (Yıld. / Kılıç) / Yıld. / Kılıç
0%
Allium {yilandaghense} Yıld. / Kılıç
0%
Allium {yildirimlii} Dural / Bagci / Ertugrul
0%
Allium {yingshanense} D.Q.Huang / A.G.Zhen / X.X.Zhu
0%
Allium {yongdengense} J.M.Xu
0%
Allium {yosemitense} Eastw.
0%
Allium {yueanum} F.T.Wang / Tang
0%
Allium {zagricum} R.M.Fritsch
0%
Allium {zaissanicum} Kotukhov
0%
Allium {zaprjagajevii} Kassacz
0%
Allium {zebdanense} Boiss. / Noë
0%
Allium {zergericum} F.O.Khass. / R.M.Fritsch
0%
Allium {zhobicum} N.Khan / A.Sultan / R.M.Fritsch
0%
Allium {zhouquense} Z.F.Bai / Xue / L.Chen
0%
Aucun quiz correspondant
Distribution des résultats
% des personnes avec chaque résultat
Percentile par nombre de réponses
Votre historique - résultats
Vous n’avez pas pris ce quiz